Programa del curso

Uloženo v:
Podrobná bibliografie
Korporativní autor: CELADE
Médium: Text
Vydáno: San José: Centro Latinoamericano de Demografía
Témata:
Tagy: Přidat tag
Žádné tagy, Buďte první, kdo vytvoří štítek k tomuto záznamu!

MARC

LEADER 00000 a a2200000 04500
001 15491
003
040
090 |a EXTRAVIADO  
110 |a CELADE  
245 |a Programa del curso  
260 |a San José:   |b Centro Latinoamericano de Demografía  
300 |a 6 p  
650 |a PROGRAMAS DE ENSEÑANZA  
999 |c 14810  |d 14810